=LDR 00000nam 2200000 4500 =001 INLIS000000000013661 =005 20200729020259 =035 ##$$a 0010-061300000013661 =008 200729################g##########0#ind## =041 ##$$a Ind =082 ##$$a 2x7.3 =090 ##$$a 2x7.3, Sid p =100 1#$$a Sidik, Muhammad Ansorudin H =245 1#$$a Pengembangan wawasan iptek pondok pesantren, /$c H. Muhammad Ansorudin Sidik =260 ##$$a Jakarta :$b Amzah,$c 2000 =300 ##$$a 106 hlm, ; $c 14 x 21 cm =650 #4$$a Pendidikan agama islam =850 ##$$a NBPNMAT =020 ##$$a 979-9392-03-9 =084 ##$$a 2x7.3 SID p =250 ##$$a cet.1 =990 ##$$a 00038686 =990 ##$$a 00038687 =990 ##$$a 00038712 =990 ##$$a 20900593 =990 ##$$a DW00019715 =990 ##$$a 20900594 =990 ##$$a 20900596 =990 ##$$a 20405557 =990 ##$$a 20900595 =990 ##$$a 20405560 =990 ##$$a 20405558 =990 ##$$a DW00019715 =990 ##$$a 00038686 =990 ##$$a 00038687 =990 ##$$a 00038712 =990 ##$$a 20900593 =990 ##$$a 20900594 =990 ##$$a 20900596 =990 ##$$a 20405557 =990 ##$$a 20900595 =990 ##$$a 20405560 =990 ##$$a 20405558 =990 ##$$a DW00019715 =990 ##$$a 00038686 =990 ##$$a 00038687 =990 ##$$a 00038712 =990 ##$$a 20900593 =990 ##$$a 20900594 =990 ##$$a 20900596 =990 ##$$a 20405557 =990 ##$$a 20900595 =990 ##$$a 20405560 =990 ##$$a 20405558 =990 ##$$a 80. 363/Pro- 95 =990 ##$$a 00038686 =990 ##$$a 00038687 =990 ##$$a 00038712 =990 ##$$a 20900593 =990 ##$$a 20900594 =990 ##$$a 20900596 =990 ##$$a 20405557 =990 ##$$a 20900595 =990 ##$$a 20405560 =990 ##$$a 20405558